000 00950nam0a22002531 4500
001 rc\2803496
005 20250806210353.0
035 _a(NLR Aleph) 006929489
090 _a34964
_c34964
100 _a20110915d1944 u y0rusy50 ca
101 0 _arus
102 _aRU
105 _aa z |||||
200 1 _aРуководство по обслуживанию газоходов МСВ-39 и МСВ-39д и уходу за ними
_fНар. ком. реч. флота СССР. Моск. судостроит. верфь
210 _aМосква
_cРечиздат
_d1944
215 _a23 с., без обл.
_cчерт.
_d20 см.
712 0 2 _aМосковская судостроительная верфь (Москва)
801 0 _aRU
_bNLR
_gpsbo
801 1 _aRU
_bELAR
_2rusmarc
852 _aNLR
_jТ14 Г-4/128
942 _cBOOK
945 _aРоссийская национальная библиотека
980 _aNB
980 _aBV